03065nam a22002897a 45000010005000000030006000050050017000110080041000280200018000690400036000870500008001230820008001311000031001392450093001702500076002632600077003393000055004164900044004715050008005155201514005235200577020375210029026145210020026436500058026636500025027217000029027464455FISKH20240911161855.0240910b cb ||||| |||| 00| 0 eng d a9789995088873 aFISKHbBilingual cFISKHdFISKH aPZ7 a900 aSotheary, Kimsruneeditor  aព្រះសុធន នាងកែវមនោរាហ៏ /cby Kimsrun Sotheary  aចេញផ្សាយខែ ឧសភា ឆ្នាំ២០០៩ aភ្នំពេញ : bអេតាបោះពុម្ព ;c2009 . a24​​ pages : bcolor illustrations ;c26 cm .  aពិភពរឿងនិទា​ន aQ  aកិន្នរីប្រាំពីរអង្គជាទេពធីតានៃព្រះបាទ ទុម្មរាជ នៃឋានកៃលាស មកក្រសាលព្រៃ។ ព្រានព្រៃឃើញកិន្នរី ក៏បោះចំនងនាគបាសទៅលើនាងកិន្នរី មនោរាហ៏ ។ ព្រានព្រៃក៏នាំនាងទៅថ្វាយព្រះសុធន ហើយទ្រង់ក៏យកនាងធ្វើជាព្រះទេពីរបស់ខ្លួន ។ ចំនែកព្រះមាតាក៏ពេញចិត្តនឺងនាងដែរ ។​ តែព្រាហ្មបុរោហិតធ្លាប់ចងគំនុំនឺងព្រះសុធន ក៏រកឧបាយកលកំចាត់កែវមនោរាហ៏ ដោយអោយនាងចាកចេញពីនគរ ។​​​​​​​​​​​​​​​​​​​ ក្រោយពីទទួលបានជ័យជំនះពីបច្ចន្ថគ្រាមហើយ ក៏ធ្វើដំណើរទៅទទួលនាងកែវមនោរាហ៏នៅឋានកៃលាស ។ ព្រះបិតាក្មេកសព្វព្រះរាជហប្ញទ័យនឺងព្រះសុធនណាស់ហើយក៏អោយទ្រង់ឡើងសោយរាជ្យនៅឋានកៃឡាស ។  aSeven women, the goddess of King Tum Reach of Than Kailas, came to the forest pavilion. The hunter saw Kinnary and threw the bass dragon on Kinnee Monorah. The hunter took her to Suthan and he made her his god. As for the mother, she also liked her. But the Brahmin priest who used to hold a grudge against Preah Sothon also plotted to get rid of Keo Monorah by letting her leave the kingdom. After the victory from the present, he went to receive Keo Monorah at Kailas.The father-in-law was very pleased with Preah Sothoun and asked him to ascend the throne at Caiaphas. 8 a660 bLexile estimate 8 aQ bRaz-Plus  aព្រះសុធនvប្រលោមលោក aPreah SothonvNovel  aSan, Thai eillustrator